000 00810cam a22002531 4500
001 32171
003 BD-RjUL
005 20211209051810.0
008 140424s1950 enk 000 0 eng
035 _a(BD-RjUL)32260
040 _aDLC
_cOClU
_dOCoLC
_dODaWU
_dUk
_dBD-RjUL
_beng
041 _aeng
082 _a290.951
_bHUR 1950
100 1 _aHughes, E. R.
_q(Ernest Richard),
_d1883-1956.
_950579
245 1 0 _aReligion in China /
_cby E.R. Hughes and K. Hughes.
260 _aLondon :
_aNew York ,
_bHutchinson's University Library,
_c1950.
300 _a151 p. :
_c19 cm.
490 0 _aHutchinson's University library: world religions,
_vno. 39
651 0 _aChina
_xReligion.
_997912
700 1 _aHughes, K.,
_ejoint author.
_997913
942 _2ddc
_cBK
999 _c32171
_d32171